| 000 | | | 05345nac2a22003733x 450 |
| 001 | | | a3e540b8-1068-4ee0-bd97-81c9961874b9 |
| 005 | | | 20250723004635.0 |
| 100 | ## | $a | 20250616l1872 k y0rusy50 ca |
| 101 | 0# | $a | fre |
| | $a | rus |
| 102 | ## | $a | RU |
| 105 | ## | $a | y z ||||| |
| 122 | 0# | $a | d18721231 |
| 200 | 1# | $a | графини Адлерберг Е. На фр. яз. |
| | $j | [18--] |
| 215 | ## | $a | 110 листов |
| | $d | 32 х 23 |
| 251 | ## | $c | Дело |
| 300 | ## | $a | Заголовок дела на папке: Письма графини Е. Адлерберг на франц. яз. |
| 300 | ## | $a | На папке дела: 46 писем на 110 листах |
| 300 | ## | $a | Текст на французском языке |
| 300 | ## | $a | Часть текста на русском языке |
| 300 | ## | $a | Листы: 110 листов, в том числе: литерные номера листов 17а, 17б |
| 300 | ## | $a | Рукописный текст |
| 330 | ## | $a | Входит в раздел описи: Письма родственников графа Фредро и частных лиц |
| 461 | #0 | $1 | 00199c1118b-cf0b-4e28-a441-939e81ff22f9 |
| | $1 | 2001 |
| | $a | Фредро Феликс Максимилиан (Максимилиан Максимилианович), граф, чиновник особых поручений, статс-секретарь при главном начальнике Собственной его Императорского Величества канцелярии по делам Царства Польского, камер-юнкер, коллежский советник |
| | $1 | 251 |
| | $c | Фонд |
| | $1 | 852 |
| | $j | 695 |
| 462 | #0 | $1 | 001789e8a9a-7a8f-4d67-8b5c-460132ae2cc8 |
| | $1 | 2001 |
| | $a | Опись дел фонда М. М.Фредро за 1754-1872 гг. |
| | $v | Д. 75 |
| | $1 | 251 |
| | $c | Опись |
| | $1 | 852 |
| | $j | 1 |
| 517 | 1# | $a | Письма графини Е. Адлерберг на франц. яз. |
| 600 | #1 | $a | Адлерберг |
| | $b | Е. |
| | $c | графиня |
| 605 | ## | $3 | DITM\AF\0000004166 |
| | $a | Россия в лицах |
| | $l | коллекция |
| | $2 | acquisition_prlib |
| 605 | ## | $3 | DITM\AF\0000003834 |
| | $a | Народ |
| | $l | коллекция |
| | $2 | acquisition_prlib |
| 610 | 1# | $a | Письма |
| | $a | Графиня |
| 686 | ## | $a | 63.3(2)52ю1 |
| | $c | История |
| | $2 | rubbk |
| 700 | #1 | $a | Адлерберг |
| | $b | Е. |
| | $c | графиня |
| 801 | #0 | $a | RU |
| | $b | GA_RF |
| 801 | #1 | $a | RU |
| | $b | ГлавНИВЦ |
| | $c | 20250616 |
| | $2 | rusmarc |
| 801 | #2 | $a | RU |
| | $b | ПБ им. Б.Н. Ельцина |
| | $c | 20250723 |
| | $g | RCR |
| | $2 | rusmarc |
| 852 | ## | $a | ГА РФ |
| | $j | 75 |
| 937 | ## | $d | 197559775 |
| | $h | ГАРФ |
| 035 | ## | $a | RuPRLIB51079164 |
| 856 | ## | $u | http://readingroom.main.prlib.ru/item.aspx?id_node=n197559775&mode=full |